[Event "Mumbai Aurionpro U14 op"]
[Site "Mumbai"]
[Date "2025.06.21"]
[Round "6"]
[White "Ramanuj, Mishra"]
[Black "Kushagra, Paliwal"]
[Result "1-0"]
[WhiteElo "1948"]
[BlackElo "1741"]
[PlyCount "119"]
[EventDate "2025.06.16"]
[EventType "swiss"]
[EventRounds "9"]
[EventCountry "IND"]
[SourceTitle "CB26_2025"]
[SourceDate "2025.06.25"]
[SourceVersion "1"]
[SourceVersionDate "2025.06.25"]
[SourceQuality "1"]

1. d4 Nf6 2. c4 e6 3. Nf3 Bb4+ 4. Bd2 Qe7 5. g3 Nc6 6. Bg2 0-0 7. 0-0 b6 8. a3 Bxd2 9. Nbxd2 Bb7 10. e4 d6 11. b4 e5 12. d5 Nb8 13. Ne1 a5 14. Nd3 Bc8 15. Qe2 Re8 16. Rfc1 Bg4 17. f3 Bd7 18. Qe3 g6 19. c5 bxc5 20. bxc5 Bb5 21. Nc4 Bxc4 22. Rxc4 c6 23. cxd6 Qxd6 24. dxc6 Nxc6 25. Rac1 Rac8 26. Bh3 Rc7 27. Nf2 Rb8 28. Qd3 Rd8 29. Rxc6 Rxc6 30. Rxc6 Qxd3 31. Nxd3 Nxe4 32. fxe4 Rxd3 33. Bf1 Rxa3 34. Bc4 Re3 35. Bd5 Kf8 36. Rf6 Ke8 37. Kf2 Rd3 38. Ke2 Rc3 39. Kd2 Rc7 40. Ra6 f5 41. Rxa5 Ke7 42. Rb5 Kf6 43. h4 Ra7 44. Rb6+ Kg7 45. Rb7+ Rxb7 46. Bxb7 h5 47. Ke3 Kf6 48. Bc8 fxe4 49. Kxe4 g5 50. hxg5+ Kxg5 51. Bh3 Kf6 52. Kd5 h4 53. g4 Kg6 54. Kxe5 Kg5 55. Ke4 Kf6 56. Kf4 Kg6 57. g5 Kh5 58. Bf1 Kg6 59. Kg4 h3 60. Bxh3 1-0

[Event "Mumbai Aurionpro U14 op"]
[Site "Mumbai"]
[Date "2025.06.19"]
[Round "4"]
[White "Kushagra, Paliwal"]
[Black "Krishay, Jain"]
[Result "1-0"]
[WhiteElo "1741"]
[BlackElo "2059"]
[PlyCount "53"]
[EventDate "2025.06.16"]
[EventType "swiss"]
[EventRounds "9"]
[EventCountry "IND"]
[SourceTitle "CB26_2025"]
[SourceDate "2025.06.25"]
[SourceVersion "1"]
[SourceVersionDate "2025.06.25"]
[SourceQuality "1"]

1. Nf3 Nf6 2. g3 d5 3. Bg2 c6 4. 0-0 Bf5 5. d3 e6 6. c4 h6 7. cxd5 exd5 8. Nd4 Bh7 9. e4 dxe4 10. dxe4 Bc5 11. Be3 Qe7 12. e5 Qxe5 13. Nf3 Qe7 14. Bxc5 Qxc5 15. Re1+ Ne4 16. Nd4 f5 17. Qh5+ Kd7 18. Bxe4 g6 19. Bxf5+ Qxf5 20. Re7+ Kc8 21. Nxf5 gxh5 22. Nd6+ Kd8 23. Rxb7 Nd7 24. Nc3 Nc5 25. Nf7+ Kc8 26. Re7 Rf8 27. Nd6+ 1-0